000 00249nam a22001097a 4500
008 170124b xxu||||| |||| 00| 0 eng d
020 _a9781416056720
041 _aeng
080 _26TH
_a618.2
245 _aNURSING TODAY
_cZERWEKH, J
942 _2udc
_cBK
999 _c3552
_d3552